Statistics for Ultimate VALORANT Quiz

Click here to take the quiz!

General Stats

  • This quiz has been taken 150 times
    (23 since last reset)
  • The average score is 39 of 80

Answer Stats

Agent% Correct
Brimstone
83%
KAY/O
83%
Astra
78%
Breach
78%
Clove
72%
Harbor
72%
Jett
72%
Killjoy
72%
Omen
72%
Phoenix
72%
Reyna
72%
Viper
72%
Cypher
67%
Fade
67%
Raze
67%
Sage
67%
Skye
67%
Sova
67%
Yoru
67%
Bind
61%
Chamber
61%
Gekko
61%
Ascent
56%
Deadlock
56%
Fracture
56%
Iso
56%
Neon
56%
Split
56%
Vandal
56%
Ares
50%
Breeze
50%
Bulldog
50%
Classic
50%
Diamond
50%
Frenzy
50%
Ghost
50%
Guardian
50%
Icebox
50%
Marshal
50%
Odin
50%
Operator
50%
Pearl
50%
Phantom
50%
Sheriff
50%
Spectre
50%
Sunset
50%
Bronze
44%
Bucky
44%
Deathmatch
44%
Gold
44%
Haven
44%
Immortal
44%
Iron
44%
Judge
44%
Knife
44%
Lotus
44%
Outlaw
44%
Platinum
44%
Radiant
44%
Shorty
44%
Silver
44%
Stinger
44%
Unrated
44%
Ascendant
39%
Spike Rush
39%
Swiftplay
39%
Team Deathmatch
39%
Competitive
33%
Custom Game
33%
Unranked
33%
Escalation
28%
Replication
17%
District
11%
Drift
11%
Kasbah
11%
Piazza
11%
Premier
11%
Snowball Fight
11%
Golden Gun
6%
Snowball Launcher
6%

Score Distribution

Percentile by Number Answered

Percent of People with Each Score

Your Score History

You have not taken this quiz since the last reset